Microsoft windows server 2008 : (Record no. 1271)
[ view plain ]
| 000 -LEADER | |
|---|---|
| fixed length control field | 00750nam a22002292 4500 |
| 001 - CONTROL NUMBER | |
| control field | 0000021604 |
| 005 - DATE AND TIME OF LATEST TRANSACTION | |
| control field | 20151021151143.0 |
| 008 - FIXED-LENGTH DATA ELEMENTS--GENERAL INFORMATION | |
| fixed length control field | 120829s xx 000 0 eng d |
| 020 ## - INTERNATIONAL STANDARD BOOK NUMBER | |
| International Standard Book Number | 0072263657 : |
| 040 ## - CATALOGING SOURCE | |
| Original cataloging agency | KABU |
| Transcribing agency | KABU |
| 100 1# - MAIN ENTRY--PERSONAL NAME | |
| Personal name | Ruest, Danielle. |
| -- | 0000182553 |
| 245 10 - TITLE STATEMENT | |
| Title | Microsoft windows server 2008 : |
| Remainder of title | the complete reference / |
| Statement of responsibility, etc. | Danielle Ruest, Nelson Ruest. |
| 250 ## - EDITION STATEMENT | |
| Edition statement | 1st ed. |
| 260 ## - PUBLICATION, DISTRIBUTION, ETC. (IMPRINT) | |
| Place of publication, distribution, etc. | New York : |
| Name of publisher, distributor, etc. | McGraw- Hill, |
| Date of publication, distribution, etc. | 2008. |
| 300 ## - PHYSICAL DESCRIPTION | |
| Extent | xxxiv, 826 p. |
| 650 #0 - SUBJECT ADDED ENTRY--TOPICAL TERM | |
| Topical term or geographic name as entry element | Microsoft windows server. |
| -- | 0000182554 |
| 650 #0 - SUBJECT ADDED ENTRY--TOPICAL TERM | |
| Topical term or geographic name as entry element | Operating systems (Computers) |
| -- | 0000146540 |
| 700 1# - ADDED ENTRY--PERSONAL NAME | |
| Personal name | Ruest, Nelson. |
| -- | 0000182555 |
| 852 1# - LOCATION | |
| -- | p4200 KES |
| 908 ## - PUT COMMAND PARAMETER (RLIN) | |
| Put command parameter | 120829 |
| 950 ## - LOCAL HOLDINGS (RLIN) | |
| -- | 1 |
| Withdrawn status | Lost status | Source of classification or shelving scheme | Not for loan | Home library | Current library | Date acquired | Total Checkouts | Total Renewals | Full call number | Barcode | Date last seen | Date last checked out | Price effective from | Koha item type |
|---|---|---|---|---|---|---|---|---|---|---|---|---|---|---|
| Library of Congress Classification | Kabarak, Main Campus | Kabarak, Main Campus | 17/12/2015 | QA76.76 .O63R84 2008 c.1 | 013422 | 17/12/2015 | 17/12/2015 | General Collection | ||||||
| Library of Congress Classification | Kabarak, Nakuru City Campus | Kabarak, Nakuru City Campus | 21/10/2015 | 2 | 1 | QA76.76 .O63R84 2008 c.1 | 013581 | 16/04/2018 | 05/03/2018 | 21/10/2015 | General Collection |